000 00282nam a22001337a 4500
008 170214b xxu||||| |||| 00| 0 eng d
020 _a9780397515585
041 _aeng
080 _a61
100 _a4
101 _aSHM
245 _aCOMMUNITY HEALTH
_cGRIMM, R.H
942 _2udc
_cBK
999 _c5413
_d5413